000 01332nam a2200325 a 4500
001 000113668
003 CHAP
005 20220329144407.0
008 170906s2017 mx sm |||||||spa d
010 _a110129
011 _a111101
040 _cCHAP
090 _aTesis
100 1 _aLópez Salas, Everardo de Jesús
_9133170
245 1 0 _aEvaluación de metodologías convencionales para estimar el coeficiente de escurrimiento en dos microcuencas y propuesta de una metodología alterna
_h[En línea]
_cpor Everardo de Jesús López Salas.
260 _aChapingo, Méx. :
_bEl autor,
_c2017.
500 _aPara ver el contenido del material haga clic en la liga
502 _aTesis (Ing. en Irrigación) -- UACH. Departamento de Irrigación
590 _aE5765TAJ
_b05
_c20170906
_lUCH01
_h0923
590 _aE5765TAJ
_b05
_c20170906
_lUCH01
_h0923
590 _aE5765TAJ
_b05
_c20170906
_lUCH01
_h1105
650 1 4 _aCuencas hidrológicas
_xEscurrimientos
_xModelos matemáticos.
_9132176
650 1 4 _aCuencas
_xEscurrimientos
_xMedición.
_9131602
650 1 4 _aEscurrimientos
_xMétodos gráficos en computación.
_9132331
650 1 4 _aPrecipitación (Meteorología)
_xMéxico (Edo.)
_991354
856 _aFinding aid
_uhttp://10.13.5.2/tesis/sist113668.pdf
_zTeclea aquí
901 _aBK
942 _cTESIS
942 _n0
999 _c110129
_d110129